| 000 | 00491nam a2200181Ia 4500 | ||
|---|---|---|---|
| 001 | 8608 | ||
| 005 | 20260306160622.0 | ||
| 008 | 260306t2013||||xx |||||||||||||| ||spa|| | ||
| 041 | _aESP | ||
| 082 |
_a371.2 _bG63 |
||
| 100 |
_aGómez Dacal, Gonzalo _eAUT |
||
| 245 | 0 |
_aClaves para la excelencia educativa: _borganizaciones escolares únicas y excepcionales Dantotsu |
|
| 260 | _c2013 | ||
| 300 |
_a428 páginas : _c24 cm. |
||
| 650 | _aGEN | ||
| 654 | _aCED | ||
| 942 |
_cLIB _dJUS _fJUS _2ddc _n |
||
| 999 |
_c8608 _d8608 |
||